Yosemite [ a gift of creation
| Format: | Book |
|---|---|
| Published: |
London :
Reader's Digest ,
1988
|
| Subjects: |
MARC
| LEADER | 00000cam a2200000 7i4500 | ||
|---|---|---|---|
| 001 | 0000001991 | ||
| 002 | 000002171 | ||
| 005 | 20021002.0 | ||
| 020 | |a 000002171 | ||
| 090 | 0 | 0 | |a 333.9516 |b YOS |
| 245 | 0 | 0 | |a Yosemite [ |h video recording] : |b a gift of creation |
| 260 | |a London : |b Reader's Digest , |c 1988 | ||
| 300 | |a 1 Video recording (55 minutes) : |b col. | ||
| 500 | |a Library has 1 copy | ||
| 650 | 0 | 0 | |a Wilderness areas |x Wildlife conservation |
| 651 | 0 | |a Yosemite |x Description and travel | |
| 999 | |a 00075 |b VIDEO |c KOLEKSI AUDIO VIDEO |e PERPUSTAKAAN KOMUNITI PETALING JAYA | ||